000 01332nam a22003497a 4500
003 CHAP
005 20220329143123.0
008 010920d2001 mx a r 00110 spa d
010 _a92226
011 _a93198
035 _a103770
040 _cCHAP
090 _aTesis
100 1 _aGonzález Ochoa, Mitzi Georgina.
_949234
245 1 0 _aManejo químico preventivo y curativo de la antracnosis (Colletotrichum gloeosperioides Penz.) en hojas de mango (Mangifera indica L.) cv haden.
_c/por Mitzi Georgina González Ochoa
260 _aChapingo, Méx. :
_bEl autor,
_c2006.
300 _a51 h. :
_bilus.; cuadros.
502 _aTesis ( Ing. Agr. Esp. en Parasitología Agrícola) - - UACH. Departamento de Parasitología Agrícola
590 _aALEPH
_b10
_c20130110
_lUCH01
_h1511
590 _aBATCH-UPD
_b10
_c20130110
_lUCH01
_h1941
590 _aBATCH-UPD
_b10
_c20130410
_lUCH01
_h1304
590 _aBATCH-UPD
_b10
_c20130914
_lUCH01
_h1451
590 _aCONVERSION
_b10
_c20130109
_lUCH01
_h1351
650 1 4 _aAntracnosis del mango.
_96121
650 1 4 _aFungicidas.
_944044
650 1 4 _aMango
_xPreservación.
_970451
901 _aBK
905 _aElisama A. H.
942 _cFOLL
949 _aTesis
_bBC
_cTES
_d00000000103770
_eTS1
_h45140
_i103770
_sb
949 _aTesis
_bBC
_cTES
_d33724000870614
_eTS2
_fc.2
_h45141
_i103770
_si
999 _c92226
_d92226